Представление документа в формате MARC21

Поле Инд. ПП Название Значение
Тип записи a
Библиографический уровень b
001 Контрольный номер UNIDUBNA2c5f2d9d33954365831477cb431dc815
005 Дата корректировки 20230704160032.7
008 Кодируемые данные 20170331
040 b Код языка каталог. rus
e Правила каталог. PSBO
041 0_ a Код языка текста rus
084 a Индекс другой классификации/Индекс ББК 88.61; 88.9
100 1_ a Автор Курмель О. П.
245 10 a Заглавие Из опыта работы воспитателя по организации отдыха детей в летний период в условиях реабилитационного центра
520 0_ a Аннотация Представлена развивающая программа совместной деятельности детей с ОВЗ и педагога, основанная на комплексно-тематическом принципе и предусматривающая решение образовательных и воспитательных задач.
650 14 a Основная рубрика воспитание
a Основная рубрика педагогическая психология
a Основная рубрика практическая психология (прикладная психология)
a Основная рубрика психология
653 0_ a Ключевые слова активный отдых
a Ключевые слова дети с ограниченными возможностями
a Ключевые слова летний отдых
a Ключевые слова образование
a Ключевые слова ограниченные возможности здоровья
a Ключевые слова организация отдыха
a Ключевые слова подростки
a Ключевые слова проективные методики
a Ключевые слова проектная деятельность
a Ключевые слова психология развития
a Ключевые слова психолого-педагогическая поддержка
a Ключевые слова реабилитационные центры
a Ключевые слова Россия
a Ключевые слова социализация
773 08 t Заглавие источника Работник социальной службы
d Дата издания источника 2022
g Прочая информация № 4. - С. 98 - 106
w Контрольный № источника UNIDUBNAacb01dadd13649c3845f6882e49ff180
901 t Тип документа b